Największe państwa według kategorii - Statystyki

Ogólne statystyki
  • Ten quiz został rozwiązany 25 297 razy
  • Średni wynik to 12 z 21
Statystyki odpowiedzi
Kategoria Kraj % Poprawnych
na świecie Rosja
100%
w Ameryce Południowej Brazylia
98%
w Ameryce Północnej Kanada
98%
całkowicie w Azji Chiny
88%
w Afryce Algieria
77%
całkowicie w Europie Ukraina
77%
na Bliskim Wschodzie Arabia Saudyjska
67%
hiszpańskojęzyczny Argentyna
65%
bez granic lądowych Australia
64%
całkowicie na Karaibach Kuba
64%
w Afryce - przed 2011 r. Sudan
61%
w Ameryce Środkowej Nikaragua
48%
śródlądowy Kazachstan
45%
zaczyna się na literę W Wenezuela
43%
śródlądowy w Europie Białoruś
40%
śródlądowy w Afryce Czad
38%
nad Morzem Egejskim Turcja
34%
nad Morzem Arabskim Indie
27%
z 4-literową nazwą Iran
27%
całkowicie na północ od 50° N Szwecja
25%
z ludnością poniżej 10 mln Libia
8%
Nie znaleziono quizów pasujących do podanych kryteriów
Rozkład punktacji
Procent ludzi z każdym wynikiem
Percentyl według liczby udzielonych odpowiedzi
Twoja historia wyników
Nie rozwiązałeś tego quizu